Nógrád.

Uložené v:
Podrobná bibliografia
Hlavný autor: Csongrády, Béla
Médium: Kniha
Jazyk:Slovak
Vydané: 1983.
Fyzický popis: 158 s. + obr. príl.
Tagy: Pridať tag
Žiadne tagy, Buďte prvý kto otaguje tento záznam!

MARC

LEADER 00000nam a22000004a 4500
001 000572821
005 20180213125623.0
008 180213s1983 xo e 000 0 slo d
040 |a SVKKK  |b slo  |c SVKKK  |e AACR2 
100 1 |a Csongrády, Béla 
245 1 0 |a Nógrád. 
260 |c 1983. 
300 |a 158 s. + obr. príl. 
500 |a Záznam revízie 
910 |a svkkk 
998 |a BK 
090 |g SCKHL  |k Sklad Hlavná 10 suterén  |a I.54897  |j 688691  |i 2720031459  |s Absenčne